| 000 | 00590nam a22001577a 4500 | ||
|---|---|---|---|
| 005 | 20120417130333.0 | ||
| 020 |
_a8170461243 _c00.00 |
||
| 035 | _aA-712418 | ||
| 037 |
_aDPL _bENG |
||
| 245 |
_aPeople of India : _bMizoram / _cedited by K.S. Singh |
||
| 250 | _aVol. XXXIII | ||
| 260 |
_aCalcutta _bAnthropological Survey of India _c1995 |
||
| 300 |
_axvi, 219p. _c22 cms. |
||
| 942 |
_2ddc _cEN _h305.095459 _mSIN |
||
| 999 |
_c65121 _d65121 |
||